00530nam a2200181Ia 4500003000900000008004100009020002200050040001600072080002300088100002300111245005400134260003100188300001600219490005100235650001800286650001800304650002600322IN-BaIIA211028s9999 xx 000 0 eng d a978-3-662-45242-4 cIIA Library a52(082.1)bASS-417 aRyutova, Margarita 0aPhysics of magnetic flux tubescMargarita Ryutova aHeidelbergbSpringerc2015 axxii, 559p. aAstrophysics and space science library; v. 417 aAstrophysics; aMagnetic flux aSolar magnetic fields